000 00835nam a2200205 a 4500
001 52524
005 20180714042415.0
008 140415s2005 sp 000 0 spa d
020 _a8483169312
041 _aspa
082 _a371.425
_bCAB
100 1 _aCABALLERO, MA. ANGELES
245 1 0 _aCLAVES DE LA ORIENTACION PROFESIONAL :
_bESTRUCTURA, PLANIFICACION, DIAGNOSTICO E INTERVENCION.
250 _a1a ed.
260 _aESPAÑA :
_bCCS,
_c2005.
300 _a161 ;
_c13.8 x 1.2 x 21.
490 _aPAPELES DE COMUNICACION
520 _aESTE LIBRO PRETENDE AYUDAR A TODAS LAS PERSONAS VINCULADAS CON LA ORIENTACION PROFESIONAL A CLASIFICAR Y ORGANIZAR LOS ELEMENTOS TEORICOS Y MEJORAR LOS PROCESOS DEE DISEÑO, PLANIFICACION Y DESARROLLO DE LOS PROGRAMAS DE INTERVENCION.
650 1 4 _aORIENTACION PROFESIONAL
999 _c52524
_d52524